000 01627nam a2200325 i 4500
001 000046289
003 DO-SdBNP
005 20260223082351.0
007 ta
008 150715s1999 dr ac 000 0 spa d
020 _a999342000X
040 _aDO-SdBNP
_bspa
_cBNPHU
_erda
041 _aspa
082 4 _axxx
_bxxx
_222
100 1 _aMatos Moquete, Manuel,
_d1944-
_eautor
_4aut.
_96349
245 1 0 _aCaamaño la ultima esperanza armada /
_cManuel Matos Moquete ; prólogo, René Fortunato ; cuidado de edición, Andrés Blanco, Orlando Díaz
264 4 _aSanto Domingo :
_bVideocine Palau,
_c©1999.
300 _a278 páginas :
_bilustraciones, retratos ;
_c24 cm.
336 _atexto
_btxt
_2rdacontent
337 _asin mediación
_bn
_2rdamedia
338 _avolumen
_bnc
_2rdacarrier
490 1 _aColección Documentos de Historia Contemporánea
_v1
500 _aIncluye índice de nombres e índice de fotos
505 0 _aEl desafío --
_tEl despertar de la rebeldía /
_tEl compromiso por la libertad /
_tCaamaño y la izquierda dominicana en Cuba de 1967 /
_tEl Castillo del Príncipe, Somarriba y otras prisiones
_tRomán : el Caamaño que conocí /
_tEl campamento de Caamaño en Cuba /
_tLos que desembarcaron en Playa Caracoles /
_tLa nueva estrategia : la guerrilla a partir de la ciudad /
_tDos fuertes golpes en enero de 1972 para los planes de Caamaño /
_tDe la cárcel, otra vez al exilio.
590 _aInventariado, 2026/BT
700 1 _aFortunato, René,
_eprologuista
_945450
_4pr.
700 1 _aBlanco, Andrés,
_eeditor
_4ed.
_976085
700 1 _aDíaz, Orlando,
_eeditor
_4ed.
_914007
942 _2ddc
_cLBS1
999 _c45778
_d45778